| 000 | 01234nmm a2200349 a 4500 | ||
|---|---|---|---|
| 001 | ocm0001864533 | ||
| 003 | TR-IsHL | ||
| 005 | 20201028171514.0 | ||
| 008 | 180318s2016 tu tur | ||
| 007 | cr cn | ||
| 020 | _a9786059831321 | ||
| 035 |
_a1864533 _b(N$T) |
||
| 050 | 0 | 4 |
_aLB1028.38 _b.B7319 2016 |
| 090 | 0 | 4 |
_aLB1028.38 _b.B7319 2016 |
| 100 | 1 | _aBranch, Robert Maribe | |
| 245 | 1 | 0 |
_aÖğretim tasarımı: ADDIE yaklaşımı _h[electronic resource] / _cRobert Maribe Branch ; çeviri editörü İlhan Varank |
| 250 | _aBirinci basım | ||
| 260 |
_aKonya : _bEğitim Yayınevi, _c2016 |
||
| 300 | _a189 p. | ||
| 500 |
_aÖzgün yapıt adı : Instructional design: The ADDIE approach _xKaynakça var. _x |
||
| 650 | 4 | _aEğitim | |
| 650 | 4 | _aEducation | |
| 650 | 0 |
_aEğitim sistemleri _x Tasarım |
|
| 650 | 0 |
_aInstructional systems _x Design |
|
| 650 | 0 | _aEğitim teknolojisi | |
| 650 | 0 | _aEducational technology | |
| 650 | 0 | _aÖğrenme ve eğitim | |
| 650 | 0 | _aLearning and instruction | |
| 650 | 7 |
_aEDUCATION / Teaching Methods & Materials / General _2bisacsh |
|
| 700 | 1 | _aVarank, İlhan | |
| 856 | 4 | 0 | _uhttp://search.ebscohost.com/login.aspx?direct=true&scope=site&db=e011xww&AN=1864533 |
| 999 |
_c16737 _d16737 |
||